Finančná gramotnosť študentov EU v Bratislave diplomová práca

Gespeichert in:
Bibliographische Detailangaben
1. Verfasser: Gejguš, Richard
Körperschaft: Národohospodárska fakulta EU. Katedra poisťovníctva
Weitere Verfasser: Brokešová, Zuzana, 1985-
Format: Buch
Sprache:Slowakisch
Veröffentlicht: Bratislava 2016
Tags: Tag hinzufügen
Keine Tags, Fügen Sie das erste Tag hinzu!

MARC

LEADER 00000nbm a2200000 4500
001 0218036
005 20161108114502.4
041 0 |a slo 
044 |a SK 
245 1 0 |a Finančná gramotnosť študentov EU v Bratislave  |b diplomová práca  |c Richard Gejguš ; školiteľ: Zuzana Brokešová 
264 1 |a Bratislava  |c 2016 
300 |a 62 s. 
100 1 |a Gejguš, Richard 
700 1 |a Brokešová, Zuzana, 1985- 
710 2 |a Národohospodárska fakulta EU. Katedra poisťovníctva